| 000 | 00629nam a2200229Ia 4500 | ||
|---|---|---|---|
| 001 | dia_2876 | ||
| 003 | CHAP | ||
| 005 | 20230331091212.0 | ||
| 008 | 220117s1975 xx 000 0 und d | ||
| 010 | _a173374 | ||
| 040 | _cCHAP | ||
| 082 | _a664.8 W6 | ||
| 100 |
_aWoodroof, Jasper Guy _9122560 |
||
| 245 |
_aComercial Fruit Processing / _c by Jasper Guy Woodroof |
||
| 260 |
_aWestport, Connecticut, Avi _c1975 |
||
| 300 | _a710 p. | ||
| 650 |
_aFruta _x comercialización _9148950 |
||
| 901 | _a664.8 W6 | ||
| 902 | _aM | ||
| 905 | _a0000001975 WES 0000000000ING00 | ||
| 942 |
_cLIBRO _2ddc |
||
| 999 |
_c173374 _d173374 |
||